Quizzes
Events
Quiz Creation
Community
Videos
Private Events
Remove Ads
Sign In
Join for FREE
Feedback
Dark Mode
Quiz Categories
Sports
Geography
Music
Movies
Television
Just For Fun
Miscellaneous
History
Literature
Language
Science
Gaming
Entertainment
Religion
Holiday
For Kids
Quiz Lab
Recent
Popular Today
Quiz Kudos Today
Editor Picks
Curator Picks
Quizzes by...
Day
Popularity
Type
Ratings
Length
Year
Community
Subscriptions
Recent Discussions
Orange Saloon
Badges
Playlists
Quests
Create
Leaderboards
Showdown
Live 5
Trivia Bingo
Activity
Puzzle Library
Sporcle Events
Private Events
Virtual Trivia
Globe League
Become a Host
Pub Owners
SporcleCon
Opinionation
Our Games
Videos
Blog
Mobile Apps
Partnerships
Remove Ads and Go Orange
Feedback
Movies
Disney
Marvel Cinematic Universe
Movie Resume
Movie Titles
Oscar
Actor
Actress
Director
Pixar
Role
Movie Quotes
Movie Characters
Box Office
Nominee
Best Picture
Star Wars
James Bond
Horror Movies
Movies
Disney
Marvel Cinematic Universe
Movie Resume
Movie Titles
Oscar
Actor
Actress
Director
Pixar
Role
Movie Quotes
Movie Characters
Box Office
Nominee
Best Picture
Star Wars
James Bond
Horror Movies
Random Quiz
Search Sporcle
×
Quiz Lab
Quiz Lab
Movies
Movie Resume
Type in answers that appear in a list
Type in answers that appear in a list
Classic
Best Score? Go Orange.
Barbara Stanwyck Films Stats
Can you name the films featuring Barbara Stanwyck?
By
SporcleEXP
15m
82 Questions
452 Plays
452 Plays
452 Plays
Comments
Comments
Give Quiz Kudos
Give Quiz Kudos
-
- Ratings
hide this ad
Replay
Link that replays current quiz
Next Quiz
Link to next quiz in quiz playlist
You Got
0%
They Got
Avg Score
35%
Avg Friend Score
Upgrade to see
Score Distribution
Jump to the score distribution portion of the page
Score
0/82
Timer
15:00
0
Plays Today
Year
Film
% Correct
1944
Double Indemnity
94.7%
1937
Stella Dallas
91.6%
1941
Ball of Fire
87.6%
1941
The Lady Eve
84%
1946
The Strange Love of Martha Ivers
79.4%
1948
Sorry, Wrong Number
77.8%
1935
Annie Oakley
73.4%
1941
Meet John Doe
72.3%
1933
Baby Face
69.6%
1945
Christmas in Connecticut
67.4%
1940
Remember the Night
61.9%
1931
Night Nurse
61%
1950
The File on Thelma Jordon
61%
1954
Executive Suite
60.1%
1933
The Bitter Tea of General Yen
57.6%
1938
The Mad Miss Manton
55.7%
1947
The Two Mrs. Carrolls
53.2%
1953
Titanic
52.8%
1939
Golden Boy
52.3%
1962
Walk on the Wild Side
51.4%
1943
Lady of Burlesque
51.2%
1950
The Furies
48.3%
1964
Roustabout
48.1%
1952
Clash By Night
47.5%
1964
The Night Walker
43.5%
1939
Union Pacific
42.4%
1932
So Big!
42.1%
1954
Cattle Queen of Montana
39.7%
Year
Film
% Correct
1929
Mexicali Rose
38.8%
1931
The Miracle Woman
36.4%
1931
Illicit
35.5%
1950
No Man of Her Own
35.5%
1930
Ladies of Leisure
34.4%
1946
My Reputation
33.9%
1934
Gambling Lady
32.2%
1949
The Lady Gambles
31.9%
1933
Ladies They Talk About
30.8%
1949
East Side, West Side
30.6%
1956
There's Always Tomorrow
30.4%
1932
Forbidden
30.2%
1948
B.F.'s Daughter
29.9%
1957
Forty Guns
29.5%
1942
The Great Man's Lady
28.8%
1929
The Locked Door
27.9%
1942
The Gay Sisters
27.3%
1953
Jeopardy
27.1%
1931
Ten Cents a Dance
26.4%
1936
Banjo On My Knee
26.2%
1932
Shopworn
25.3%
1937
Internes Can't Take Money
24.6%
1954
Witness to Murder
23.3%
1957
Crime of Passion
23.1%
1937
This is My Affair
22%
1941
You Belong to Me
22%
1950
To Please a Lady
22%
1935
The Woman in Red
21.7%
Year
Film
% Correct
1953
All I Desire
21.7%
1946
The Bride Wore Boots
21.1%
1947
California
21.1%
1953
Blowing Wild
20.4%
1955
Escape to Burma
20.4%
1936
The Bride Walks Out
20.2%
1932
The Purchase Price
20%
1956
The Maverick Queen
19.3%
1947
Cry Wolf
18.4%
1956
These Wilder Years
17.7%
1957
Trooper Hook
17.1%
1953
The Moonlighter
16.4%
1936
A Message to Garcia
16.2%
1955
The Violent Men
14.6%
1936
His Brother's Wife
14.4%
1937
Breakfast For Two
14.2%
1936
The Plough and the Stars
13.7%
1938
Always Goodbye
13.7%
1934
The Secret Bride
13.3%
1935
Red Salute
12.6%
1933
Ever in my Heart
11.5%
1947
The Other Love
11.1%
1934
A Lost Lady
10%
1943
Flesh and Fantasy
10%
1951
The Man With a Cloak
10%
1927
Broadway Nights
8.6%
Quiz Playlist
Details
Report
Send in Message
Add To Playlist
Classic:
Type in answers that appear in a list
Quiz Source
Last Updated: Feb 16, 2017
Quiz Scoreboard
CHALLENGE
Sign Up to Join the Scoreboard
Show All
Scores
Hide
Comments
May contain spoilers
Recently Published
An Introduction to Baseball
by treessimontrees
Sports
5m
Movies - When Are They Set?
by FPL_Elf
Movies
5m
Popular People in 1961
by mucciniale
History
6m
More to Explore
Quiz From the Vault
Featured Blog Post
Where Did the Easter Bunny Come From?
hide this ad
You Might Also Like...
Tags
Movie Resume Quiz
Role Quiz
barbara
Today's Top Quizzes in Movies
Browse Movies
hide this ad
Today's Top Quizzes in Movie Resume
Browse Movie Resume
Top Contributed Quizzes in Movies
1
Pick 5 Posters: Directed by Spielberg
2
Multi-Oscar Nominations, One Movie, One Winner
3
12 Movies about Fictional 1960s Events
4
One Thing in Common: Movies
5
Sunday Crossword: Film Score Composers
6
One Thing in Common: Movies II
7
Pick 5 Posters: Lowest-Rated Spielberg
8
Three Word 'H' Movies Match Up
9
Three Word 'T' Movies Match Up
10
7-to-1: Pixar Characters
Explore More
Trending Topics
Marvel
Kpop
Anime
Harry Potter
NBA
Disney
Crossword
WWE
Country
Soccer
Song
NFL
Pokémon
Puzzle
The Office
hide this ad
More By:
SporcleEXP
Quiz
Plays
Rating
Category
Featured
Created
Harry Potter Deaths in Order Minefield
3,068,058
4.18
Literature
Jan 27, 2016
Sins, Dwarfs, and Spice Girls
847,245
4.42
Just For Fun
Apr 11, 2012
Ancient History Bunker
708,036
4.28
History
Jan 20, 2014
Movie Posters VI
678,971
4.37
Movies
Nov 12, 2010
Movie Posters VII
621,797
4.44
Movies
Apr 16, 2011
Go to Creator's Profile
Score Distribution
Quiz Creator Spotlight
SporcleEXP
Follow
Send a Message
Quizzes Created
-
Created Quiz Play Count
-
More By This Creator
Popular Quizzes Today
1
Find the Countries of Europe - No Outlines Minefield
2
Find the US States - No Outlines Minefield
3
The Countries of the World
4
Popular People in 1961
5
US States
6
1-10 Letter E Words III
7
Find the US States
8
One Thing in Common: World Cities II
More Movies Quizzes
Harry Potter Quote-Character Matching
Quiz Lab
Trending Quizzes
Risky Map Clicking: Least Populous States A-Z
1-10 Letter F Words
1-10 Letter G Words
One Thing in Common: United Kingdom
Risky Map Clicking: Next State Alphabetically
Recently Updated
Leaping Animals
pecheneg
Reality TV Shows (A-Z)
bhenderson79
Rickey Henderson's Hall of Fame Teammates
pecheneg
Champions League XIs: Arsenal
pecheneg
Quick Pick: Celebrities in WWE's Hall of Fame
aduchscher
A-Z Keypad Blitz II
pecheneg
Multiple Oscar Actors
pecheneg
Mystery Phrase Blitz: Oscar 'Best Actors'
pecheneg
F. Scott Fitzgerald Novels
LTH
Pick 3 Villains
ddd62291
Trending Topics
NBA
Crossword
Harry Potter
Kpop
Anime
Marvel
Disney
Pokémon
The Office
NFL
Song
Country
WWE
Soccer
Puzzle
Your Account Isn't Verified!
In order to create a playlist on Sporcle, you need to verify the email address you used during registration. Go to your
Sporcle Settings
to finish the process.
Report this User
Report this user for behavior that violates our
Community Guidelines
.
Details:
Send Report
Go to the Sporcle.com Mobile Site →
Comments